Los profesores ante el cambio social: repercusiones sobre la evolución de la salud de los profesores

Zapisane w:
Opis bibliograficzny
Główni autorzy: Esteve Zarazaga, José Manuel (Autor), Franco, S (Autor), Vera, J (Autor)
Format: Książka
Język:hiszpański
Wydane: Barcelona Anthropos 1995
Seria:Pedagogía de la Investigación y de la Comunicación, 4
Hasła przedmiotowe:
Etykiety: Dodaj etykietę
Nie ma etykietki, Dołącz pierwszą etykiete!

MARC

LEADER 00000nam a2200000 a 4500
001 UCO9205
003 CL-VaPUC
008 010119e19950000SP |||||||||||||||||spa|d
082 0 4 |a 371.1  |b EST  |2 21 
100 0 |a Esteve Zarazaga, José Manuel  |e author  |9 454205 
700 0 |a Franco, S  |e author  |9 454206 
700 0 |a Vera, J  |e author  |9 454207 
245 1 4 |a Los profesores ante el cambio social: repercusiones sobre la evolución de la salud de los profesores 
300 |a 297 p 
942 |c BK 
945 |d 20010119 00:00:00  |a cmena 
260 |a Barcelona  |b Anthropos  |c 1995 
650 0 |a Docentes  |9 311365 
650 0 |a Cambio social   |9 256857 
650 0 |a Aspectos sociales  |9 254894 
650 0 |a Aspectos económicos  |9 255165 
650 0 |a Investigación social   |9 307814 
583 |a last modification  |c 20010119 00:00:00  |k Rodrigo Vera 
490 0 |a Pedagogía de la Investigación y de la Comunicación, 4 
999 |c 293479  |d 293477 
952 |0 0  |1 0  |4 0  |6 371_100000000000000_EST_1995  |7 0  |8 P  |9 345037  |a BIBEDU  |b BIBEDU  |c BIBEDU_PB  |d 2019-11-20  |i 366208K  |o 371.1 EST 1995  |p 366208K  |r 2024-01-25  |w 2019-11-20  |y BK  |k BME